الأنماط النحوية في كتابات طلاب المرحلة الثانوية في مصر : (رقم التسجيلة. 179141)

تفاصيل مارك
000 -LEADER
fixed length control field 03750namaa22004211i 4500
003 - CONTROL NUMBER IDENTIFIER
control field OSt
005 - أخر تعامل مع التسجيلة
control field 20260422115458.0
008 - FIXED-LENGTH DATA ELEMENTS--GENERAL INFORMATION
fixed length control field 250827s2024 ua a|||frm||| 000 0 eng d
040 ## - CATALOGING SOURCE
Original cataloguing agency EG-GICUC
Language of cataloging ara
Transcribing agency EG-GICUC
Modifying agency EG-GICUC
Description conventions rda
041 0# - LANGUAGE CODE
Language code of text/sound track or separate title ara
Language code of summary or abstract ara
-- eng
049 ## - Acquisition Source
Acquisition Source إيداع
082 04 - DEWEY DECIMAL CLASSIFICATION NUMBER
Classification number 415.1
092 ## - LOCALLY ASSIGNED DEWEY CALL NUMBER (OCLC)
Classification number 415.1
Edition number 21
097 ## - Degree
Degree دكتـــــوراه‎
099 ## - LOCAL FREE-TEXT CALL NUMBER (OCLC)
Local Call Number Cai01.02.06.Ph.D.2024.طا.أ
100 0# - MAIN ENTRY--PERSONAL NAME
Authority record control number or standard number ،طارق أحمد محمود أحمد
Preparation إعداد.
245 10 - TITLE STATEMENT
Title الأنماط النحوية في كتابات طلاب المرحلة الثانوية في مصر :
Remainder of title دراسة وصفية تحليلية /
Statement of responsibility, etc. إعداد طارق أحمد محمود أحمد؛ إشراف د. سعد سيد أحمد عبد الرحيم، د/ عمرو أحمد عطيفي.
246 15 - VARYING FORM OF TITLE
Title proper/short title Sentence patterns in writings of secondary school students in egypt :
Remainder of title A descriptive analytical study /
264 #0 - PRODUCTION, PUBLICATION, DISTRIBUTION, MANUFACTURE, AND COPYRIGHT NOTICE
Date of production, publication, distribution, manufacture, or copyright notice 2024.
300 ## - PHYSICAL DESCRIPTION
Extent 282 صفحة :
Other physical details إيضاحيات ؛
Dimensions 25 سم. +
Accompanying material CD.
336 ## - CONTENT TYPE
Content type term text
Source rda content
337 ## - MEDIA TYPE
Media type term Unmediated
Source rdamedia
338 ## - CARRIER TYPE
Carrier type term volume
Source rdacarrier
502 ## - DISSERTATION NOTE
Dissertation note أطروحة (دكتوراه)-جامعة القاهرة، 2024.
504 ## - BIBLIOGRAPHY, ETC. NOTE
Bibliography, etc. note ببليوجرافيا: صفحات 252-258.
520 ## - SUMMARY, ETC.
Summary, etc. تهدف هذه الدراسة إلى الوصول إلى الأنماط النحوية الشائعة في كتابات طلاب المرحلة الثانوية في مصر، وقد اعتمد البحث للوصول إلى هدفه على مجموعة من العينات الكتابية لطلاب المرحلة الثانوية في مصر؛ حكومية وخاصة وتجريبية ودولية، من خلال وصف وتحليل تلك العينات، وتحديد الأنماط الشائعة، وتفسير السبب في شيوع نمط عن غيره من الأنماط النحوية الأخرى، واعتمد هذا البحث على المنهج الوصفي من مناهج البحث اللغوي، واتخذ البحثُ التحليلَ والإحصاءَ أدواتٍ للوصول إلى تحديد الأنماط الشائعة، ومن ثَمَّ الوصول إلى ما اتفق أو اختلف، من كتابات الطلاب مع ما ذهب إليه النحاة.
520 ## - SUMMARY, ETC.
Summary, etc. This study aims to identify the common grammatical patterns in the writings of high school students in Egypt. The research relies on a set of written samples from high school students across various types of schools—governmental, private, experimental, and international. By describing and analyzing these samples, the study seeks to determine the prevalent patterns and explain the reasons behind the predominance of certain patterns over others. This research employs a descriptive methodology from linguistic research and utilizes analysis and statistics as tools to identify the common patterns, subsequently comparing them with traditional grammatical observations.
530 ## - ADDITIONAL PHYSICAL FORM AVAILABLE NOTE
Issues CD صدر أيضًا كقرص مدمج.
546 ## - LANGUAGE NOTE
Text Language النص بالعربية والملخص باللغة الإنجليزية والعربية.
650 #7 - SUBJECT ADDED ENTRY--TOPICAL TERM
Topical term or geographic name entry element اللغة العربية
Source of heading or term qrmak
General subdivision النحو
653 #0 - INDEX TERM--UNCONTROLLED
Uncontrolled term الأنماط النحوية
-- كتابات طلاب المرحلة الثانوية
-- المنهج الوصفي
700 0# - ADDED ENTRY--PERSONAL NAME
Personal name سعد سيد أحمد عبد الرحيم
Relator term مشرف أطروحة.
700 0# - ADDED ENTRY--PERSONAL NAME
Personal name عمرو أحمد عطيفي
Relator term مشرف أطروحة.
900 ## - Thesis Information
Grant date 08-02-2024
Supervisory body سعد سيد أحمد عبد الرحيم
-- عمرو أحمد عطيفي
Universities جامعة القاهرة
Faculties كلية الآداب
Department قسم اللغة العربية وآدابها
905 ## - Cataloger and Reviser Names
Cataloger Name Sara Salah
Reviser Names Afaf
942 ## - ADDED ENTRY ELEMENTS (KOHA)
Source of classification or shelving scheme Dewey Decimal Classification
Koha item type Thesis
Edition 21
Suppress in OPAC No
المقتنيات
Source of classification or shelving scheme Home library Current library Date acquired Inventory number Full call number Barcode Date last seen Effective from Koha item type
Dewey Decimal Classification المكتبة المركزبة الجديدة - جامعة القاهرة قاعة الرسائل الجامعية - الدور الاول 02.04.2026 33071 Cai01.02.06.Ph.D.2024.طا.أ 01010100033071000 02.04.2026 02.04.2026 Thesis
Cairo University Libraries Portal Implemented & Customized by: Eng. M. Mohamady Contacts: new-lib@cl.cu.edu.eg | cnul@cl.cu.edu.eg
CUCL logo CNUL logo
© All rights reserved — Cairo University Libraries
CUCL logo
Implemented & Customized by: Eng. M. Mohamady Contact: new-lib@cl.cu.edu.eg © All rights reserved — New Central Library
CNUL logo
Implemented & Customized by: Eng. M. Mohamady Contact: cnul@cl.cu.edu.eg © All rights reserved — Cairo National University Library